La familia y el niño
Saved in:
| Main Author: | |
|---|---|
| Format: | Book |
| Language: | Spanish |
| Published: |
Barcelona
Luis Miracle
1962
|
| Series: | Biblioteca Paideia, 12
|
| Subjects: | |
| Tags: |
Add Tag
No Tags, Be the first to tag this record!
|
MARC
| LEADER | 00000nam a2200000 a 4500 | ||
|---|---|---|---|
| 001 | UCW4743 | ||
| 003 | CL-VaPUC | ||
| 008 | 900711e19620000SP |||||||||||||||||spa|d | ||
| 082 | 0 | 4 | |a 155.418 |b POR |2 21 |
| 100 | 0 | |a Porot, Maurice |e author |9 309529 | |
| 245 | 1 | 3 | |a La familia y el niño |
| 300 | |a 268 p | ||
| 942 | |c BK | ||
| 945 | |d 19900711 00:00:00 | ||
| 260 | |a Barcelona |b Luis Miracle |c 1962 | ||
| 650 | 0 | |a Psicología del niño |9 307305 | |
| 650 | 0 | |a Familias |9 255641 | |
| 650 | 0 | |a Educación en el hogar |9 307975 | |
| 650 | 0 | |a Trastornos emocionales |9 307307 | |
| 650 | 0 | |a Padres e hijos |9 307753 | |
| 583 | |a last modification |c 20130106 10:53:23 |k Rodrigo Vera | ||
| 490 | 0 | |a Biblioteca Paideia, 12 | |
| 999 | |c 218373 |d 218371 | ||
| 952 | |0 0 |1 0 |4 0 |6 155_418000000000000_POR_1962 |7 0 |8 P |9 207847 |a BIBEDU |b BIBEDU |c BIBEDU_PB |d 2019-11-15 |i 2756803 |o 155.418 POR 1962 |p 2756803 |r 2024-01-25 |w 2019-11-15 |y BK |k EDU | ||
| 952 | |0 0 |1 0 |4 0 |6 155_418000000000000_POR_1962 |7 0 |8 P |9 207848 |a BIBEDU |b BIBEDU |c BIBEDU_PB |d 2019-11-15 |i 2756811 |o 155.418 POR 1962 |p 2756811 |r 2024-01-25 |w 2019-11-15 |y BK |k EDU | ||
| 952 | |0 0 |1 0 |4 0 |6 155_418000000000000_POR_1962 |7 0 |8 P |9 207849 |a BIBEDU |b BIBEDU |c BIBEDU_PB |d 2019-11-15 |i 275682K |o 155.418 POR 1962 |p 275682K |r 2024-01-25 |w 2019-11-15 |y BK |k EDU | ||
| 952 | |0 0 |1 0 |4 0 |6 155_418000000000000_POR_1962 |7 0 |8 P |9 207850 |a BIBEDU |b BIBEDU |c BIBEDU_PB |d 2019-11-15 |i 2756838 |o 155.418 POR 1962 |p 2756838 |r 2024-01-25 |w 2019-11-15 |y BK |k EDU | ||
| 952 | |0 0 |1 0 |4 0 |6 155_418000000000000_POR_1962 |7 0 |8 P |9 207851 |a BIBEDU |b BIBEDU |c BIBEDU_PB |d 2019-11-15 |i 2756846 |o 155.418 POR 1962 |p 2756846 |r 2024-01-25 |w 2019-11-15 |y BK |k EDU | ||
| 952 | |0 0 |1 0 |4 0 |6 155_418000000000000_POR_1962 |7 0 |8 P |9 207852 |a BIBEDU |b BIBEDU |c BIBEDU_PB |d 2019-11-15 |i 2756854 |o 155.418 POR 1962 |p 2756854 |r 2024-01-25 |w 2019-11-15 |y BK |k EDU | ||